Storia degli Armeni / (Record no. 15290)
[ view plain ]
| 000 -LEADER | |
|---|---|
| fixed length control field | 00903nam a2200277 a 4500 |
| 001 - CONTROL NUMBER | |
| control field | 000051047 |
| 003 - CONTROL NUMBER IDENTIFIER | |
| control field | AM-YEHGA |
| 005 - DATE AND TIME OF LATEST TRANSACTION | |
| control field | 20250618070946.0 |
| 008 - FIXED-LENGTH DATA ELEMENTS--GENERAL INFORMATION | |
| fixed length control field | 010218s1997 it b||||r|||||||1|||ita|| |
| 020 ## - INTERNATIONAL STANDARD BOOK NUMBER | |
| Terms of availability | 9788885889880 |
| 040 ## - CATALOGING SOURCE | |
| Original cataloging agency | AM-YeHGA |
| 041 1# - LANGUAGE CODE | |
| Language code of text/sound track or separate title | ita |
| Language code of original | arm |
| 090 ## - LOCALLY ASSIGNED LC-TYPE CALL NUMBER (OCLC); LOCAL CALL NUMBER (RLIN) | |
| -- | 15400 |
| 100 0# - MAIN ENTRY--PERSONAL NAME | |
| Personal name | Փավստոս Բյուզանդ, |
| Dates associated with a name | V դ. (ծ. և մ. թթ. անհտ) |
| 9 (RLIN) | 2855 |
| 245 10 - TITLE STATEMENT | |
| Title | Storia degli Armeni / |
| Statement of responsibility, etc. | P'awstos Buzand ; introduzione e cura di Gabriella Uluhogian ; Traduzione di Marco Bais, Loris Dina Nocetti ; Note di Marco Bais. |
| 260 ## - PUBLICATION, DISTRIBUTION, ETC. | |
| Place of publication, distribution, etc. | Milano : |
| Name of publisher, distributor, etc. | Mimesis, |
| Date of publication, distribution, etc. | 1997. |
| 300 ## - PHYSICAL DESCRIPTION | |
| Extent | 231 p. : |
| Other physical details | map ; |
| Dimensions | 21 cm. |
| 490 1# - SERIES STATEMENT | |
| Series statement | Armeniaca Italica, |
| Volume/sequential designation | 2 |
| 500 ## - GENERAL NOTE | |
| General note | Includes index. |
| 650 14 - SUBJECT ADDED ENTRY--TOPICAL TERM | |
| Topical term or geographic name entry element | Armenia |
| General subdivision | History |
| 700 1# - ADDED ENTRY--PERSONAL NAME | |
| Personal name | Uluhogian, Gabriella |
| Relationship | aui |
| 700 1# - ADDED ENTRY--PERSONAL NAME | |
| Personal name | Bais, Marco |
| Relationship | trl |
| 700 1# - ADDED ENTRY--PERSONAL NAME | |
| Personal name | Nocetti, Loris Dina |
| Relationship | trl |
| 830 ## - SERIES ADDED ENTRY--UNIFORM TITLE | |
| Uniform title | Armeniaca Italica, 2 |
| 942 ## - ADDED ENTRY ELEMENTS (KOHA) | |
| Source of classification or shelving scheme | Universal Decimal Classification |
| Koha item type | Գրքեր / Books |
| Withdrawn status | Lost status | Source of classification or shelving scheme | Damaged status | Not for loan | Collection | Home library | Current library | Date acquired | Total checkouts | Full call number | Barcode | Date last seen | Price effective from | Koha item type | Public note |
|---|---|---|---|---|---|---|---|---|---|---|---|---|---|---|---|
| Universal Decimal Classification | General | Fundamental Scientific Library | Fundamental Scientific Library | 21/12/2016 | И II/112102 | 320112102 | 21/12/2016 | 21/12/2016 | Գրքեր / Books | 30 Days Loan | |||||
| Universal Decimal Classification | Jahukyan Individual Collection | Fundamental Scientific Library | Fundamental Scientific Library | 21/12/2016 | Djauk/4115 | 906004115 | 21/12/2016 | 21/12/2016 | Գրքեր / Books | ILL Non-Circ. |
ՀՀ Գիտությունների ազգային ակադեմիայի հիմնարար գիտական գրադարան = Fundamental Scientific Library of NAS RA
All site content, except where otherwise noted, is licensed under a